[Event "GBR-ch73"]
[Site "Southampton"]
[Date "1986.08.04"]
[Round "7"]
[White "Kwiatkowski, Feliks J"]
[Black "Ravisekhar, Raja"]
[Result "1-0"]
[WhiteElo "2250"]
[BlackElo "2395"]
[PlyCount "101"]
[EventDate "1986.07.28"]
[EventType "swiss"]
[EventRounds "11"]
[EventCountry "GBR"]
[SourceTitle "BritBase"]
[Source "John Saunders"]
[SourceDate "2020.09.07"]
[SourceVersion "1"]
[SourceVersionDate "2020.09.07"]
[SourceQuality "2"]

1. e4 c5 2. Nf3 d6 3. d4 cxd4 4. Nxd4 Nf6 5. Nc3 g6 6. g3 Nc6 7. Nde2 Bg4 8.
Bg2 Qc8 9. h3 Bd7 10. Nf4 Bg7 11. O-O O-O 12. Kh2 Rb8 13. a4 Re8 14. Re1 b6 15.
Nd3 Kh8 16. Rb1 Ng8 17. Nd5 Nd4 18. c3 Ne6 19. e5 Nc5 20. exd6 exd6 21. Nxc5
Rxe1 22. Qxe1 bxc5 23. Bf4 Qa6 24. b3 Bf5 25. Rb2 Rd8 26. Qd1 Qc8 27. Rd2 Be6
28. b4 h6 29. h4 cxb4 30. cxb4 Qb8 31. b5 f5 32. Nb4 Rd7 33. Rxd6 Rxd6 34. Qxd6
Qxd6 35. Bxd6 Bd4 36. Nd3 Bb6 37. Bc5 Nf6 38. Bc6 Kg7 39. Bxb6 axb6 40. a5 bxa5
41. b6 Bc8 42. Nc5 Ng4+ 43. Kg2 Ne5 44. b7 Bxb7 45. Bxb7 g5 46. Bc8 Kf6 47.
Nd7+ Ke6 48. Nxe5+ Kxe5 49. Bd7 gxh4 50. gxh4 Kf4 51. f3 1-0

[Event "GBR-ch73"]
[Site "Southampton"]
[Date "1986.08.04"]
[Round "7"]
[White "Lawson, David"]
[Black "Depasquale, Chris"]
[Result "1-0"]
[WhiteElo "2200"]
[BlackElo "2305"]
[PlyCount "115"]
[EventDate "1986.07.28"]
[EventType "swiss"]
[EventRounds "11"]
[EventCountry "GBR"]
[SourceTitle "BritBase"]
[Source "John Saunders"]
[SourceDate "2020.09.07"]
[SourceVersion "1"]
[SourceVersionDate "2020.09.07"]
[SourceQuality "2"]

1. e4 Nf6 2. e5 Nd5 3. d4 d6 4. Bc4 Nb6 5. Bb3 dxe5 6. Qf3 e6 7. dxe5 a5 8. c3
N6d7 9. Qg3 Nc5 10. Bc2 b6 11. Bg5 Qd7 12. Na3 Qc6 13. Rd1 Nbd7 14. Ne2 Ba6 15.
Nd4 Qb7 16. Nab5 h6 17. Qh4 hxg5 18. Qxh8 O-O-O 19. O-O Nb8 20. Rfe1 c6 21.
Qxf8 Rxf8 22. Nd6+ Kc7 23. Nxb7 Nxb7 24. h3 Nd8 25. b4 axb4 26. cxb4 Bc4 27.
Bb3 Bxb3 28. Nxb3 Nd7 29. a4 f5 30. exf6 gxf6 31. Nd4 e5 32. Nf5 Nb7 33. Rd2
Ra8 34. Red1 Nf8 35. Nd6 Rxa4 36. Nxb7 Kxb7 37. Rd6 Rxb4 38. Rxf6 Rf4 39. Rxf4
exf4 40. g3 fxg3 41. fxg3 b5 42. Kf2 b4 43. Ke3 Kb6 44. Rd8 Ne6 45. Rd6 Nc5 46.
h4 gxh4 47. gxh4 b3 48. h5 Ne6 49. h6 Kc5 50. Rd2 Ng5 51. Kd3 Kb4 52. Rg2 Nf3
53. h7 Ne1+ 54. Kd2 Nxg2 55. h8=Q Nf4 56. Qd4+ Ka3 57. Qxf4 Kb2 58. Qd4+ 1-0

[Event "GBR-ch73"]
[Site "Southampton"]
[Date "1986.08.04"]
[Round "7"]
[White "Le Blancq, Simon"]
[Black "Ravikumar, Vaidyanathan"]
[Result "1/2-1/2"]
[WhiteElo "2270"]
[BlackElo "2345"]
[PlyCount "75"]
[EventDate "1986.07.28"]
[EventType "swiss"]
[EventRounds "11"]
[EventCountry "GBR"]
[SourceTitle "BritBase"]
[Source "John Saunders"]
[SourceDate "2020.09.07"]
[SourceVersion "1"]
[SourceVersionDate "2020.09.07"]
[SourceQuality "2"]

1. d4 d5 2. Nf3 Nf6 3. c4 dxc4 4. e3 e6 5. Bxc4 a6 6. O-O c5 7. dxc5 Bxc5 8. a3
Nbd7 9. b4 Be7 10. Bb2 O-O 11. Nbd2 b5 12. Be2 Bb7 13. Rc1 Rc8 14. Rxc8 Qxc8
15. Qa1 Qa8 16. Rc1 Rd8 17. Nb3 Bd5 18. Na5 Bf8 19. Bd4 Ne8 20. Ne1 Nd6 21. Bf3
Ne4 22. Bxe4 Bxe4 23. f3 Bg6 24. e4 f6 25. Qc3 Bd6 26. Nd3 e5 27. Be3 Bf7 28.
Nc5 Nxc5 29. Bxc5 Bc7 30. Nb3 Qc6 31. Be3 Bc4 32. Nc5 Bb6 33. Qe1 a5 34. Rd1
axb4 35. Rxd8+ Bxd8 36. axb4 Be7 37. Qd2 Kf7 38. h3 1/2-1/2

[Event "GBR-ch73"]
[Site "Southampton"]
[Date "1986.08.04"]
[Round "7"]
[White "Levitt, Jonathan"]
[Black "Bell, Stephen"]
[Result "1-0"]
[WhiteElo "2455"]
[BlackElo "2360"]
[PlyCount "83"]
[EventDate "1986.07.28"]
[EventType "swiss"]
[EventRounds "11"]
[EventCountry "GBR"]
[SourceTitle "BritBase"]
[Source "John Saunders"]
[SourceDate "2020.09.07"]
[SourceVersion "1"]
[SourceVersionDate "2020.09.07"]
[SourceQuality "2"]

1. d4 e6 2. e4 d5 3. Nc3 Nf6 4. e5 Nfd7 5. f4 c5 6. Nf3 Nc6 7. Be3 cxd4 8. Nxd4
Bc5 9. Qd2 Bxd4 10. Bxd4 Nxd4 11. Qxd4 Qb6 12. Qxb6 Nxb6 13. Nb5 Ke7 14. O-O-O
Bd7 15. Nd4 h5 16. Bd3 g6 17. Rde1 Rac8 18. g3 Na4 19. b3 Nc5 20. Kb2 Rcg8 21.
Rhf1 g5 22. f5 g4 23. f6+ Kd8 24. b4 Na4+ 25. Kb3 h4 26. c4 dxc4+ 27. Bxc4 Nb6
28. Nb5 Bxb5 29. Bxb5 a6 30. Bc4 hxg3 31. hxg3 Rh3 32. Re3 Nd7 33. Rd1 Kc7 34.
Bf1 Nb6 35. Rc3+ Kb8 36. Bxh3 gxh3 37. Rh1 Nd5 38. Rf3 Rh8 39. g4 h2 40. g5 Rh4
41. g6 Rxb4+ 42. Ka3 1-0

[Event "GBR-ch73"]
[Site "Southampton"]
[Date "1986.08.04"]
[Round "7"]
[White "McDonald, Neil R"]
[Black "Basman, Michael John"]
[Result "1/2-1/2"]
[WhiteElo "2495"]
[BlackElo "2395"]
[PlyCount "169"]
[EventDate "1986.07.28"]
[EventType "swiss"]
[EventRounds "11"]
[EventCountry "GBR"]
[SourceTitle "BritBase"]
[Source "John Saunders"]
[SourceDate "2020.09.07"]
[SourceVersion "1"]
[SourceVersionDate "2020.09.07"]
[SourceQuality "2"]

1. Nf3 c5 2. g3 Nc6 3. Bg2 d6 4. c4 e5 5. Nc3 f5 6. d3 Nf6 7. Bg5 Be7 8. a3 O-O
9. O-O Kh8 10. Bxf6 Bxf6 11. Ne1 g5 12. b4 cxb4 13. Nd5 bxa3 14. Rxa3 Bg7 15.
Nc2 f4 16. Qb1 Rb8 17. Ncb4 Nd4 18. Nc3 Bg4 19. f3 Be6 20. Nc2 Nc6 21. Qb5 Qd7
22. Rb1 Bf6 23. Ne4 Bd8 24. Kh1 h6 25. Raa1 Bb6 26. c5 dxc5 27. Nxc5 Bxc5 28.
Qxc5 b6 29. Qb5 a5 30. Rb2 Qd6 31. Rab1 Ne7 32. gxf4 gxf4 33. Qa6 Nd5 34. d4
exd4 35. Qd3 Bg8 36. Bh3 Nc3 37. Rg1 Bh7 38. Qxd4+ Qxd4 39. Nxd4 b5 40. Nc6 Ra8
41. Ra1 Ra6 42. Nxa5 Rfa8 43. Rc1 Na4 44. Rxb5 Rxa5 45. Rxa5 Rxa5 46. Rc4 Nb2
47. Rxf4 Nd1 48. Rd4 Ne3 49. Kg1 Nd5 50. Kf2 Kg7 51. Be6 Ne7 52. Rd7 Kf6 53.
Bb3 Bf5 54. Rd6+ Kg7 55. Rb6 Bc8 56. Be6 Ba6 57. Bb3 Ng6 58. Rc6 Nf4 59. Rc7+
Kf6 60. Ra7 Ne6 61. Bc4 Nc5 62. Bxa6 Rxa6 63. Rh7 Kg6 64. Rc7 Ne6 65. Re7 Ng7
66. Re4 Nf5 67. Rb4 h5 68. Re4 Kg5 69. Re5 Kf6 70. Re8 Ra5 71. Re4 Kg5 72. Kg2
Rb5 73. Kf2 Nh4 74. Kg3 Ng6 75. Re8 Kh6 76. f4 Kg7 77. e3 Rb4 78. Re6 Kf7 79.
f5 Ne7 80. e4 Ng8 81. Kh4 Nf6 82. Kg5 Nxe4+ 83. Kxh5 Nf6+ 84. Kg5 Rg4+ 85. Kh6
1/2-1/2

[Event "GBR-ch73"]
[Site "Southampton"]
[Date "1986.08.04"]
[Round "7"]
[White "Mestel, A Jonathan"]
[Black "Chandler, Murray G"]
[Result "1/2-1/2"]
[WhiteElo "2505"]
[BlackElo "2565"]
[PlyCount "45"]
[EventDate "1986.07.28"]
[EventType "swiss"]
[EventRounds "11"]
[EventCountry "GBR"]
[SourceTitle "BritBase"]
[Source "John Saunders"]
[SourceDate "2020.09.07"]
[SourceVersion "1"]
[SourceVersionDate "2020.09.07"]
[SourceQuality "2"]

1. e4 c5 2. Nf3 d6 3. d4 cxd4 4. Nxd4 Nf6 5. Nc3 a6 6. Be3 e5 7. Nf3 Qc7 8. a4
Be7 9. a5 O-O 10. Be2 Nc6 11. Bb6 Qd7 12. Nd2 d5 13. Nxd5 Nxd5 14. exd5 Qxd5
15. O-O Be6 16. Bf3 Qb5 17. b3 f5 18. Be2 Qd5 19. Bc4 Qd7 20. Nf3 Qc8 21. Qe2
e4 22. Rad1 Rf7 23. Nd4 1/2-1/2

[Event "GBR-ch73"]
[Site "Southampton"]
[Date "1986.08.04"]
[Round "7"]
[White "Motwani, Paul"]
[Black "Wicker, Kevin J"]
[Result "1-0"]
[WhiteElo "2355"]
[BlackElo "2305"]
[PlyCount "107"]
[EventDate "1986.07.28"]
[EventType "swiss"]
[EventRounds "11"]
[EventCountry "GBR"]
[SourceTitle "BritBase"]
[Source "John Saunders"]
[SourceDate "2020.09.07"]
[SourceVersion "1"]
[SourceVersionDate "2020.09.07"]
[SourceQuality "2"]

1. e4 e6 2. d4 d5 3. Nd2 Ne7 4. Ngf3 Bd7 5. exd5 exd5 6. Ne5 Nbc6 7. Nxd7 Qxd7
8. c3 Ng6 9. Nf3 Bd6 10. Bd3 Qe7+ 11. Be3 Nf4 12. O-O Nxd3 13. Qxd3 O-O-O 14.
Rfe1 Qd7 15. b4 f6 16. Nd2 Ne7 17. Nb3 Qf5 18. Qe2 Kb8 19. a4 Ng6 20. Nc5 Rhe8
21. Reb1 Re7 22. a5 Rde8 23. b5 Bxc5 24. dxc5 Ne5 25. c6 Nc4 26. cxb7 Nxe3 27.
fxe3 Rxe3 28. Qf1 Qxf1+ 29. Kxf1 Kxb7 30. Rd1 R8e5 31. Rac1 Rf5+ 32. Kg1 Re2
33. h4 Rff2 34. g3 Rg2+ 35. Kf1 Ref2+ 36. Ke1 Rb2 37. Kf1 Rxg3 38. Rxd5 Rh3 39.
Kg1 Rxh4 40. c4 Rg4+ 41. Kh1 Rb4 42. Rc5 g6 43. a6+ Kc8 44. Rd5 Re4 45. Rcd1
Re8 46. R5d4 Rb2 47. Kg1 f5 48. Kf1 Rh2 49. R1d3 Rhe2 50. c5 Rb2 51. Rd7 Rxb5
52. Rxh7 Rxc5 53. Rb3 Re6 54. Rb8+ 1-0

[Event "GBR-ch73"]
[Site "Southampton"]
[Date "1986.08.04"]
[Round "7"]
[White "Nicholson, John G"]
[Black "Hodgson, Julian M"]
[Result "0-1"]
[WhiteElo "2295"]
[BlackElo "2500"]
[PlyCount "98"]
[EventDate "1986.07.28"]
[EventType "swiss"]
[EventRounds "11"]
[EventCountry "GBR"]
[SourceTitle "BritBase"]
[Source "John Saunders"]
[SourceDate "2020.09.07"]
[SourceVersion "1"]
[SourceVersionDate "2020.09.07"]
[SourceQuality "2"]

1. e4 c5 2. Nf3 d6 3. d4 Nf6 4. Nc3 cxd4 5. Nxd4 g6 6. Bc4 Bg7 7. h3 O-O 8. O-O
a6 9. Re1 b5 10. Bb3 Bb7 11. a4 bxa4 12. Bxa4 Qc7 13. Bg5 e6 14. Qd2 Nbd7 15.
Bxd7 Nxd7 16. Bh6 Bxh6 17. Qxh6 Nc5 18. Re3 e5 19. Nf5 f6 20. Ng3 Ne6 21. Rd1
Nd4 22. Rd2 Rac8 23. Nge2 Qc4 24. Rg3 Nxe2+ 25. Rxe2 Rf7 26. Qd2 Qb4 27. Nd5
Qxb2 28. Rb3 Qa1+ 29. Re1 Rxc2 30. Rxb7 Rxb7 31. Nxf6+ Kh8 32. Qxc2 Qxe1+ 33.
Kh2 Rf7 34. Qc8+ Kg7 35. Ne8+ Kh6 36. Nxd6 Rxf2 37. Qe6 Qd2 38. Nf5+ Kh5 39.
Ng3+ Kg5 40. Qe7+ Kh6 41. Qh4+ Kg7 42. Qe7+ Rf7 43. Qxe5+ Kh6 44. Qe6 Qf4 45.
Qxa6 Kg5 46. Qd3 Kh4 47. e5 Qxe5 48. Qc4+ Qf4 49. Qd3 Re7 0-1

[Event "GBR-ch73"]
[Site "Southampton"]
[Date "1986.08.04"]
[Round "7"]
[White "Quillan, Gary"]
[Black "Roe, Simon J"]
[Result "1-0"]
[WhiteElo "2010"]
[BlackElo "2230"]
[PlyCount "91"]
[EventDate "1986.07.28"]
[EventType "swiss"]
[EventRounds "11"]
[EventCountry "GBR"]
[SourceTitle "BritBase"]
[Source "John Saunders"]
[SourceDate "2020.09.07"]
[SourceVersion "1"]
[SourceVersionDate "2020.09.07"]
[SourceQuality "2"]

1. e4 Nf6 2. e5 Nd5 3. d4 d6 4. Nf3 Bg4 5. Be2 e6 6. O-O Be7 7. c4 Nb6 8. Nc3
O-O 9. Be3 d5 10. c5 Bxf3 11. gxf3 N6d7 12. f4 f5 13. b4 b6 14. Qb3 Kh8 15.
Rac1 c6 16. Kh1 a5 17. a3 Qc7 18. Rg1 axb4 19. axb4 Qb7 20. Qc2 Na6 21. Rb1
Rfb8 22. Rg3 Nc7 23. Bd3 Ra7 24. Rbg1 Bf8 25. Bc1 Ra1 26. Bxf5 exf5 27. Qxf5
Ne8 28. Qf7 bxc5 29. e6 Rxc1 30. Rxc1 Nd6 31. Qxd7 Qxd7 32. exd7 cxb4 33. Na4
Rd8 34. Rxc6 Rxd7 35. Nc5 Rf7 36. Rb3 Be7 37. Rxb4 h6 38. Rc7 Kh7 39. Rb6 Ne8
40. Rcb7 Bxc5 41. dxc5 Rxf4 42. Re7 Nf6 43. c6 Rc4 44. c7 Nh5 45. Rb8 Nf4 46.
c8=Q 1-0

[Event "GBR-ch73"]
[Site "Southampton"]
[Date "1986.08.04"]
[Round "7"]
[White "Rahman, Ziaur"]
[Black "Hawksworth, John C"]
[Result "0-1"]
[WhiteElo "2305"]
[BlackElo "2400"]
[PlyCount "70"]
[EventDate "1986.07.28"]
[EventType "swiss"]
[EventRounds "11"]
[EventCountry "GBR"]
[SourceTitle "BritBase"]
[Source "John Saunders"]
[SourceDate "2020.09.07"]
[SourceVersion "1"]
[SourceVersionDate "2020.09.07"]
[SourceQuality "2"]

1. e4 c5 2. Nf3 e6 3. d4 cxd4 4. Nxd4 Nc6 5. Nb5 d6 6. c4 Nf6 7. N1c3 a6 8. Na3
Be7 9. Be2 O-O 10. O-O b6 11. f4 Qc7 12. Be3 Bb7 13. Bf3 Nd7 14. Qe2 Rad8 15.
Rac1 Qb8 16. Rfd1 Rfe8 17. Nc2 Na5 18. Na3 Bf8 19. b4 Nc6 20. b5 Na5 21. bxa6
Bxa6 22. Ncb5 d5 23. exd5 exd5 24. Qf2 Rxe3 25. Qxe3 Bc5 26. Nd4 Re8 27. Qc3
Qxf4 28. Nac2 Nc6 29. Bxd5 Nxd4 30. Nxd4 Re3 31. Qd2 Bxd4 32. Kh1 Nf6 33. g3
Qe5 34. Re1 Nxd5 35. cxd5 Qe4+ 0-1

[Event "GBR-ch73"]
[Site "Southampton"]
[Date "1986.08.04"]
[Round "7"]
[White "Smith, Alan A"]
[Black "Thomas, Ian L"]
[Result "1/2-1/2"]
[WhiteElo "2280"]
[BlackElo "2350"]
[PlyCount "108"]
[EventDate "1986.07.28"]
[EventType "swiss"]
[EventRounds "11"]
[EventCountry "GBR"]
[SourceTitle "BritBase"]
[Source "John Saunders"]
[SourceDate "2020.09.07"]
[SourceVersion "1"]
[SourceVersionDate "2020.09.07"]
[SourceQuality "2"]

1. d4 f5 2. Nc3 Nf6 3. Bg5 d5 4. Bxf6 exf6 5. e3 Be6 6. Bd3 Nc6 7. Qf3 Qd7 8.
Nge2 Nb4 9. a3 Nxd3+ 10. cxd3 O-O-O 11. b4 g5 12. Nc1 Qc6 13. Kd2 f4 14. Nb3 h5
15. Qe2 fxe3+ 16. fxe3 Bg4 17. Qf2 b6 18. Rhc1 Re8 19. h3 Bd7 20. Qf3 Be6 21.
Kc2 g4 22. Qf2 gxh3 23. gxh3 Bh6 24. Kb2 Bxh3 25. Qh2 Rxe3 26. Rc2 Bg4 27. Rg1
Re7 28. Qh1 Rd7 29. Re1 Qb7 30. b5 a6 31. a4 a5 32. Nd2 Kb8 33. Nf3 Qc8 34. Nh4
Qg8 35. Na2 Qg5 36. Nc1 Rg8 37. Nb3 Qf4 38. Rf1 Qg3 39. Nf5 Bxf5 40. Rxf5 Qxd3
41. Rxd5 Rdg7 42. Rxh5 Be3 43. Qd5 Rg4 44. Rh4 Rg3 45. Rxc7 Bxd4+ 46. Rxd4
Qxb3+ 47. Qxb3 Rxb3+ 48. Kxb3 Kxc7 49. Rc4+ Kb7 50. Rf4 Rg6 51. Rh4 Rg7 52. Rf4
Rg6 53. Rh4 Rg7 54. Rf4 Rg6 1/2-1/2

[Event "GBR-ch73"]
[Site "Southampton"]
[Date "1986.08.04"]
[Round "7"]
[White "Varley, Peter"]
[Black "Dunnington, Angus J"]
[Result "0-1"]
[WhiteElo "2210"]
[BlackElo "2280"]
[PlyCount "104"]
[EventDate "1986.07.28"]
[EventType "swiss"]
[EventRounds "11"]
[EventCountry "GBR"]
[SourceTitle "BritBase"]
[Source "John Saunders"]
[SourceDate "2020.09.07"]
[SourceVersion "1"]
[SourceVersionDate "2020.09.07"]
[SourceQuality "2"]

1. d4 Nf6 2. g3 d6 3. Bg2 Nbd7 4. e4 e5 5. dxe5 dxe5 6. Nc3 Bc5 7. Nf3 O-O 8.
O-O c6 9. a4 a5 10. Nh4 h6 11. Nf5 Nb6 12. Be3 Bxe3 13. Nxe3 Qxd1 14. Rfxd1 Ng4
15. Nxg4 Bxg4 16. f3 Be6 17. Kf2 Rfd8 18. b3 Kf8 19. Rxd8+ Rxd8 20. Rd1 Rd4 21.
Bf1 Ke7 22. Rxd4 exd4 23. Nb1 Kd6 24. f4 f5 25. Nd2 Kc5 26. Bd3 fxe4 27. Nxe4+
Kd5 28. Nd2 Bg4 29. Nf3 Nd7 30. Nd2 Kc5 31. Ne4+ Kb4 32. Nd6 Nc5 33. Bg6 Bd7
34. Ke2 b5 35. Ne8 d3+ 36. cxd3 Bxe8 37. Bxe8 Nxb3 38. Kd1 Nd4 39. axb5 cxb5
40. g4 Kc3 41. g5 b4 42. h4 hxg5 43. fxg5 Nf3 44. d4 Kxd4 45. Kc2 Nxh4 46. Kb3
Nf3 47. Ka4 Nxg5 48. Kxa5 Kc3 49. Bg6 Nf3 50. Kb5 Ne5 51. Be4 g5 52. Kc5 Nd3+
0-1

[Event "GBR-ch73"]
[Site "Southampton"]
[Date "1986.08.04"]
[Round "7"]
[White "Ward, Christopher"]
[Black "Walker, David"]
[Result "0-1"]
[WhiteElo "2315"]
[BlackElo "2255"]
[PlyCount "94"]
[EventDate "1986.07.28"]
[EventType "swiss"]
[EventRounds "11"]
[EventCountry "GBR"]
[SourceTitle "BritBase"]
[Source "John Saunders"]
[SourceDate "2020.09.07"]
[SourceVersion "1"]
[SourceVersionDate "2020.09.07"]
[SourceQuality "2"]

1. d4 Nf6 2. c4 g6 3. Nc3 Bg7 4. e4 d6 5. f3 Nc6 6. Be3 a6 7. Nge2 Rb8 8. Nc1
e5 9. d5 Nd4 10. N1e2 c5 11. dxc6 bxc6 12. Nxd4 exd4 13. Bxd4 Rxb2 14. Qc1 Rb4
15. Be2 Be6 16. O-O c5 17. Bf2 Bxc4 18. e5 Nd7 19. exd6 O-O 20. a3 Rb3 21. Bxc4
Rxc3 22. Qf4 Be5 23. Qe4 Re8 24. Kh1 Nf6 25. Qh4 Qxd6 26. Rad1 Qc6 27. Rfe1 Kg7
28. Be3 h5 29. Bg5 Qa4 30. Bf1 Qxh4 31. Bxh4 Re6 32. a4 a5 33. Bb5 Bd4 34. Rxe6
fxe6 35. Bxf6+ Kxf6 36. Re1 e5 37. h3 c4 38. Kh2 Rc2 39. Rd1 c3 40. f4 Rf2 41.
fxe5+ Bxe5+ 42. Kg1 c2 43. Re1 Bd4 44. Kh2 Bb2 45. Kg3 Rf5 46. Bd3 c1=Q 47.
Rxc1 Rg5+ 0-1

[Event "GBR-ch73"]
[Site "Southampton"]
[Date "1986.08.05"]
[Round "8"]
[White "Basman, Michael John"]
[Black "Levitt, Jonathan"]
[Result "1/2-1/2"]
[WhiteElo "2395"]
[BlackElo "2455"]
[PlyCount "80"]
[EventDate "1986.07.28"]
[EventType "swiss"]
[EventRounds "11"]
[EventCountry "GBR"]
[SourceTitle "BritBase"]
[Source "John Saunders"]
[SourceDate "2020.09.07"]
[SourceVersion "1"]
[SourceVersionDate "2020.09.07"]
[SourceQuality "2"]

1. d4 Nf6 2. Nf3 e6 3. c3 b6 4. Bg5 Bb7 5. Nbd2 Be7 6. e3 O-O 7. Bd3 d5 8. Qc2
Nbd7 9. Ne5 h6 10. h4 Nxe5 11. dxe5 Ng4 12. Nf3 f6 13. exf6 gxf6 14. Bxh6 Nxh6
15. Ba6 f5 16. Bxb7 Rb8 17. Bc6 b5 18. a4 a6 19. axb5 axb5 20. Ra6 Qc8 21. Ra5
Rb6 22. Ra8 Rb8 23. Rxb8 Qxb8 24. Nd4 Qb6 25. Bd7 Rf6 26. Qb3 c5 27. Qxb5 Qd6
28. Ne2 Ng4 29. Qc6 Qxc6 30. Bxc6 Ne5 31. Bb5 c4 32. Nf4 Rf8 33. Nxe6 Nd3+ 34.
Kf1 Rb8 35. Nd4 Bf6 36. Bc6 Rxb2 37. Rh3 Rb1+ 38. Ke2 Rb2+ 39. Kf1 Rb1+ 40. Ke2
Rb2+ 1/2-1/2

[Event "GBR-ch73"]
[Site "Southampton"]
[Date "1986.08.05"]
[Round "8"]
[White "Bell, Stephen"]
[Black "Motwani, Paul"]
[Result "1/2-1/2"]
[WhiteElo "2360"]
[BlackElo "2355"]
[PlyCount "58"]
[EventDate "1986.07.28"]
[EventType "swiss"]
[EventRounds "11"]
[EventCountry "GBR"]
[SourceTitle "BritBase"]
[Source "John Saunders"]
[SourceDate "2020.09.07"]
[SourceVersion "1"]
[SourceVersionDate "2020.09.07"]
[SourceQuality "2"]

1. e4 e5 2. Nf3 Nc6 3. Bb5 Nd4 4. Nxd4 exd4 5. O-O Bc5 6. d3 c6 7. Bc4 d5 8.
exd5 cxd5 9. Bb3 Ne7 10. Bg5 f6 11. Bf4 O-O 12. Nd2 Kh8 13. Re1 Bf5 14. Nf1 Qd7
15. Ng3 Be6 16. Qe2 Bf7 17. Bd2 a5 18. a4 Nc6 19. f4 Rac8 20. Qf3 Nb4 21. Re2
Ba7 22. Bxb4 axb4 23. Rae1 Bc5 24. f5 Rfe8 25. Rxe8+ Rxe8 26. Rxe8+ Qxe8 27.
Bxd5 Qe3+ 28. Kf1 Qc1+ 29. Kf2 Qe3+ 1/2-1/2

[Event "GBR-ch73"]
[Site "Southampton"]
[Date "1986.08.05"]
[Round "8"]
[White "Chin, Francis"]
[Black "Varley, Peter"]
[Result "1-0"]
[WhiteElo "2075"]
[BlackElo "2210"]
[PlyCount "115"]
[EventDate "1986.07.28"]
[EventType "swiss"]
[EventRounds "11"]
[EventCountry "GBR"]
[SourceTitle "BritBase"]
[Source "John Saunders"]
[SourceDate "2020.09.07"]
[SourceVersion "1"]
[SourceVersionDate "2020.09.07"]
[SourceQuality "2"]

1. d4 Nf6 2. c4 e6 3. Nf3 b6 4. g3 Ba6 5. Nbd2 d5 6. Bg2 Be7 7. O-O O-O 8. Ne5
c6 9. b3 Nfd7 10. Nd3 b5 11. c5 Nf6 12. Bb2 Nbd7 13. Qc2 Bb7 14. Rae1 a5 15. a3
Re8 16. f3 g6 17. Rf2 Bc8 18. Nf1 Nh5 19. e4 Ra7 20. e5 Ng7 21. Kh1 h5 22. Ne3
Kh7 23. Rg1 Rh8 24. Bf1 Kg8 25. Ne1 Nf8 26. Bd3 Nh7 27. Rgf1 Nf8 28. Bc1 Qe8
29. Nd1 Nf5 30. Bxf5 exf5 31. Nd3 Be6 32. Be3 Bd8 33. Kg2 h4 34. Qe2 a4 35. b4
Nh7 36. g4 Ng5 37. Bxg5 Bxg5 38. h3 fxg4 39. fxg4 Kg7 40. Ne3 Bd8 41. Kh2 Qe7
42. Qf3 Qg5 43. Nf4 Qh6 44. Qg2 Bg5 45. Rf3 Rg8 46. Qf2 Kh8 47. Neg2 Bc8 48.
Nd3 Be6 49. Kh1 Re7 50. Nde1 Rge8 51. Rd3 f5 52. exf6 Rf7 53. Rf3 Ref8 54. Qe2
Bd7 55. Qe5 Re8 56. Qh2 Re6 57. Nd3 Rexf6 58. Ne5 1-0

[Event "GBR-ch73"]
[Site "Southampton"]
[Date "1986.08.05"]
[Round "8"]
[White "Depasquale, Chris"]
[Black "Lyell, Mark"]
[Result "1-0"]
[WhiteElo "2305"]
[BlackElo "2030"]
[PlyCount "83"]
[EventDate "1986.07.28"]
[EventType "swiss"]
[EventRounds "11"]
[EventCountry "GBR"]
[SourceTitle "BritBase"]
[Source "John Saunders"]
[SourceDate "2020.09.07"]
[SourceVersion "1"]
[SourceVersionDate "2020.09.07"]
[SourceQuality "2"]

1. e4 e5 2. f4 d5 3. exd5 c6 4. d4 exd4 5. Nf3 Bg4 6. Be2 Qxd5 7. O-O Bc5 8.
Kh1 Ne7 9. Nbd2 Nd7 10. Bc4 Qh5 11. Ne4 O-O-O 12. b4 Nb6 13. Ng3 Bxf3 14. Rxf3
Qh4 15. Bxf7 Bxb4 16. Rb1 Bc3 17. Qe2 Qf6 18. Be6+ Kb8 19. f5 Ned5 20. Ne4 Qf8
21. Bg5 Qa3 22. Bxd8 Rxd8 23. Nxc3 Nxc3 24. Qe5+ Qd6 25. Qxd6+ Rxd6 26. Re1
Nbd5 27. Rg3 g6 28. fxg6 hxg6 29. Rxg6 Ne3 30. Rc1 Ne2 31. Rb1 b5 32. Bf7 Kc7
33. Rxd6 Kxd6 34. Bg6 a5 35. h4 Ke5 36. h5 Kf6 37. Be8 Nc3 38. Rc1 Nxa2 39. Ra1
Nb4 40. h6 a4 41. g4 Nbxc2 42. Rg1 1-0

[Event "GBR-ch73"]
[Site "Southampton"]
[Date "1986.08.05"]
[Round "8"]
[White "Dunnington, Angus J"]
[Black "Ward, Christopher"]
[Result "1/2-1/2"]
[WhiteElo "2280"]
[BlackElo "2315"]
[PlyCount "80"]
[EventDate "1986.07.28"]
[EventType "swiss"]
[EventRounds "11"]
[EventCountry "GBR"]
[SourceTitle "BritBase"]
[Source "John Saunders"]
[SourceDate "2020.09.07"]
[SourceVersion "1"]
[SourceVersionDate "2020.09.07"]
[SourceQuality "2"]

1. e4 e6 2. Nc3 d5 3. Nf3 Nf6 4. e5 Ng8 5. d4 b6 6. Bb5+ c6 7. Be2 Ba6 8. O-O
Qd7 9. Re1 Ne7 10. Bxa6 Nxa6 11. Ne2 Nc7 12. Nf4 O-O-O 13. a4 Kb7 14. b3 Nf5
15. Nh5 Ne8 16. a5 b5 17. a6+ Ka8 18. Bg5 Rb8 19. c4 h6 20. Bd2 Be7 21. h3 g6
22. Nf4 Nc7 23. Qc2 Rhc8 24. g4 Nh4 25. Nxh4 Bxh4 26. c5 Rh8 27. Nd3 Be7 28.
Kg2 Ne8 29. Rf1 Rh7 30. Nb4 Ng7 31. Rh1 h5 32. g5 Nf5 33. Qd3 h4 34. Kh2 Rc8
35. Rhg1 Rh5 36. Rg4 Bd8 37. Rg2 Bc7 38. Rg4 Rch8 39. Bf4 R5h7 40. Ra2 Rc8
1/2-1/2

[Event "GBR-ch73"]
[Site "Southampton"]
[Date "1986.08.05"]
[Round "8"]
[White "Flear, Glenn C"]
[Black "Botterill, George Steven"]
[Result "1-0"]
[WhiteElo "2505"]
[BlackElo "2395"]
[PlyCount "129"]
[EventDate "1986.07.28"]
[EventType "swiss"]
[EventRounds "11"]
[EventCountry "GBR"]
[SourceTitle "BritBase"]
[Source "John Saunders"]
[SourceDate "2020.09.07"]
[SourceVersion "1"]
[SourceVersionDate "2020.09.07"]
[SourceQuality "2"]

1. d4 Nf6 2. c4 g6 3. Nc3 Bg7 4. e4 d6 5. Nge2 O-O 6. Ng3 c5 7. d5 e6 8. Be2
exd5 9. exd5 Re8 10. O-O Na6 11. Bg5 h6 12. Be3 Nc7 13. h3 b6 14. Qd2 Kh7 15.
a4 Na6 16. Kh1 Nb4 17. Rae1 a6 18. Bd1 Ra7 19. f4 Bf5 20. Nxf5 gxf5 21. Bf2 Ne4
22. Nxe4 fxe4 23. Bc2 Nxc2 24. Qxc2 f5 25. b4 Bd4 26. bxc5 bxc5 27. Rb1 Rg7 28.
Rb3 Qf6 29. Rfb1 e3 30. Be1 Re4 31. g3 Qg6 32. Rb7 h5 33. Rxg7+ Bxg7 34. Rb7 e2
35. Qd3 Qf6 36. Qf3 Kg6 37. g4 Qa1 38. gxf5+ Kh6 39. Qg3 Qxe1+ 40. Qxe1 Bc3 41.
Qxc3 e1=Q+ 42. Qxe1 Rxe1+ 43. Kg2 Re4 44. Kf3 Rxc4 45. Rb6 Rxa4 46. Rxd6+ Kg7
47. Rc6 Rd4 48. Rxc5 Kf6 49. Ra5 Kxf5 50. d6+ Ke6 51. Rxh5 Kxd6 52. Re5 Rb4 53.
h4 Rb8 54. h5 Ra8 55. h6 a5 56. Kg4 a4 57. Kg5 Rg8+ 58. Kh5 Rh8 59. Ra5 Ke6 60.
Rxa4 Kf5 61. Ra7 Rb8 62. h7 Rb1 63. Kh6 Rh1+ 64. Kg7 Rg1+ 65. Kf8 1-0